Event management (Record no. 282112)

MARC details
000 -LEADER
fixed length control field 00435nam a2200169Ia 4500
005 - DATE AND TIME OF LATEST TRANSACTION
control field 20240628154350.0
008 - FIXED-LENGTH DATA ELEMENTS--GENERAL INFORMATION
fixed length control field 240126s9999 xx 000 0 und d
020 ## - INTERNATIONAL STANDARD BOOK NUMBER
International Standard Book Number 9788182209367
082 ## - DEWEY DECIMAL CLASSIFICATION NUMBER
Classification number 394.2 HAR;1
100 ## - MAIN ENTRY--PERSONAL NAME
Personal name Harichandan, C P. Musgrave, Adam.
245 #0 - TITLE STATEMENT
Title Event management
250 ## - EDITION STATEMENT
Edition statement 2nd ed.
260 ## - PUBLICATION, DISTRIBUTION, ETC. (IMPRINT)
Name of publisher, distributor, etc. Global Vision Publishing House
Place of publication, distribution, etc. New Delhi
Date of publication, distribution, etc. 2017
300 ## - PHYSICAL DESCRIPTION
Extent viii, 364
440 ## - SERIES STATEMENT/ADDED ENTRY--TITLE
Title NULL
942 ## - ADDED ENTRY ELEMENTS (KOHA)
Koha item type PESU Books
Holdings
Date last seen Total Checkouts Full call number Accession number Old discount Volume/Issue Number Cost, replacement price Price effective from Category Lost status Damaged status Department Withdrawn status bill no. Permanent Location Current Location Shelving location Entry date Vendor Cost, normal purchase price Grants Currency symbol Conversion rate Discount Discount type Total Renewals Date checked out
26/01/2024   394.2 HAR;1 PU7222 25 (09/07/1905) 1125.00 26/01/2024 PESU Books     HEM   BANG/2017/CRB/246 Central Library Central Library HM 03/08/2017 Intact Book House Pvt Ltd 1500.00 HM RS 1 375 Rupees    
26/01/2024   394.2 HAR;3 PU7224 25 (09/07/1905) 1125.00 26/01/2024 PESU Books     HEM   BANG/2017/CRB/246 Central Library Central Library HM 03/08/2017 Intact Book House Pvt Ltd 1500.00 HM RS 1 375 Rupees    
26/01/2024   394.2 HAR;4 PU7225 25 (09/07/1905) 1125.00 26/01/2024 PESU Books     HEM   BANG/2017/CRB/246 Central Library Central Library HM 03/08/2017 Intact Book House Pvt Ltd 1500.00 HM RS 1 375 Rupees    
26/01/2024   394.2 HAR;5 PU7226 25 (09/07/1905) 1125.00 26/01/2024 PESU Books     HEM   BANG/2017/CRB/246 Central Library Central Library HM 03/08/2017 Intact Book House Pvt Ltd 1500.00 HM RS 1 375 Rupees    
15/09/2025 2 394.2 HAR;2 PU7223 25 (09/07/1905) 1125.00 26/01/2024 PESU Books     HEM   BANG/2017/CRB/246 Central Library RFID Kiosk HM 03/08/2017 Intact Book House Pvt Ltd 1500.00 HM RS 1 375 Rupees 1 03/09/2025

© For any Suggestions or Query, please contact the library staff @ librarian@pes.edu or Phone: +9180 2672 1983/ 2108.